[Event "School match"]
[Site "?"]
[Date "1968.07.12"]
[Round "?"]
[White "Bushill, M."]
[Black "Stebbings, A."]
[Result "0-1"]
[WhiteElo "1992"]
[BlackElo "2016"]
[PlyCount "74"]
[EventDate "1968.??.??"]

1. d4 Nf6 2. c4 g6 3. Nc3 Bg7 4. e4 d6 5. f3 c6 6. Be3 a6 7. a4 a5 8. Qd2 Na6
9. Nge2 Qc7 10. Nc1 e5 11. d5 Nc5 12. Bxc5 dxc5 13. dxc6 bxc6 14. Nd3 Nd7 15.
Be2 Ba6 16. b3 O-O 17. O-O Rfd8 18. Qe3 Rab8 19. Bd1 Bf8 20. Bc2 Be7 21. g3 Nf8
22. f4 exf4 23. gxf4 Ne6 24. f5 Nd4 25. Qf2 Nxb3 26. fxg6 fxg6 27. Qf7+ Kh8 28.
Qe6 Qd6 29. Qh3 Bc8 30. Qe3 Nxa1 31. Rxa1 Qd4 32. Qxd4+ Rxd4 33. Ne5 Rb2 34.
Nxc6 Rxc2 35. Nxe7 Rxc3 36. Nxc8 Rcxc4 37. Nb6 Rb4 0-1

[Event "Tournament: Essex U18 ch."]
[Site "?"]
[Date "1968.07.13"]
[Round "?"]
[White "Stebbings, A."]
[Black "Bichard, K."]
[Result "1-0"]
[WhiteElo "2016"]
[BlackElo "1872"]
[PlyCount "63"]
[EventDate "1968.??.??"]

1. d4 Nf6 2. c4 g6 3. Nc3 d6 4. e4 Bg7 5. Be2 O-O 6. g4 c5 7. d5 e6 8. g5 Ne8
9. h4 exd5 10. cxd5 f5 11. gxf6 Nxf6 12. h5 Qe8 13. Qd3 a6 14. a4 Bg4 15. hxg6
Qxg6 16. f4 Nbd7 17. f5 Bxe2 18. Ngxe2 Qe8 19. Nf4 Ne5 20. Qg3 Rb8 21. Ne6 Rf7
22. Bh6 Qe7 23. Bxg7 Rxg7 24. Nxg7 Qxg7 25. Qxg7+ Kxg7 26. Ke2 h5 27. b3 b6 28.
Ke3 Re8 29. Raf1 Kh6 30. Rhg1 h4 31. Rf4 Kh5 32. Rg7 1-0

[Event "Tournament: Essex U18 ch."]
[Site "?"]
[Date "1968.07.13"]
[Round "?"]
[White "Stebbings, A."]
[Black "Hatch, C."]
[Result "0-1"]
[WhiteElo "2016"]
[BlackElo "1920"]
[PlyCount "52"]
[EventDate "1968.??.??"]

1. d4 e6 2. c4 Nf6 3. Nc3 Bb4 4. e3 c5 5. Nge2 Nc6 6. a3 cxd4 7. exd4 Be7 8. g3
d5 9. c5 O-O 10. b4 Bd7 11. Bg2 Re8 12. O-O Bf8 13. Qc2 Rc8 14. Bd2 Ne7 15. b5
Ng6 16. Rfc1 e5 17. Nxd5 Nxd5 18. Bxd5 exd4 19. Nxd4 Bxc5 20. Qb2 Bh3 21. Qb3
Bxd4 22. Bxf7+ Kh8 23. Bxg6 hxg6 24. Rxc8 Bxf2+ 25. Kxf2 Qxd2+ 26. Kf3 Qe2+ 0-1

[Event "Tournament: Essex U18 ch."]
[Site "?"]
[Date "1968.07.20"]
[Round "?"]
[White "Steptowe, A."]
[Black "Stebbings, A."]
[Result "0-1"]
[WhiteElo "1712"]
[BlackElo "2016"]
[PlyCount "62"]
[EventDate "1968.??.??"]

1. e4 c5 2. Nf3 Nc6 3. d4 cxd4 4. Nxd4 g6 5. Nc3 Bg7 6. Be3 Nf6 7. Be2 O-O 8.
Qd2 d6 9. h4 Ne5 10. h5 Neg4 11. hxg6 fxg6 12. Bg5 Qb6 13. f3 Ne5 14. O-O-O Bd7
15. Bh6 Rf7 16. g4 Rc8 17. Bxg7 Kxg7 18. Rh2 Nc4 19. Bxc4 Rxc4 20. Nb3 Be6 21.
g5 Nh5 22. Na4 Rxa4 23. Qc3+ Kg8 24. Rxh5 gxh5 25. Rh1 Rc4 26. Qd3 Rg7 27. Rxh5
Bf7 28. e5 Bxh5 29. Qxc4+ Rf7 30. Qc8+ Kg7 31. exd6 Qe3+ 0-1

[Event "Tournament: Essex U18 ch."]
[Site "?"]
[Date "1968.07.20"]
[Round "?"]
[White "Campbell, G."]
[Black "Stebbings, A."]
[Result "1/2-1/2"]
[WhiteElo "1976"]
[BlackElo "2016"]
[PlyCount "85"]
[EventDate "1968.??.??"]

1. e4 c5 2. Nc3 Nc6 3. f4 g6 4. Nf3 Bg7 5. Be2 e6 6. Nb5 d5 7. e5 Bf8 8. d4 a6
9. Nc3 cxd4 10. Nxd4 Nge7 11. Be3 Nxd4 12. Bxd4 Nc6 13. Bf2 Qa5 14. O-O Bc5 15.
a3 Bxf2+ 16. Rxf2 b5 17. b4 Qb6 18. a4 bxa4 19. b5 axb5 20. Bxb5 Ba6 21. Rxa4
O-O 22. Qa1 Bb7 23. Bd3 Ra5 24. Rxa5 Nxa5 25. g4 Nc4 26. Qb1 Qc6 27. Qb5 Rc8
28. Qxc6 Rxc6 29. Nb5 Ba6 30. Nd4 Rb6 31. Nb3 Ne3 32. Bxa6 Rxa6 33. h3 Rc6 34.
Nd4 Rc3 35. Rf3 Nd1 36. Rxc3 Nxc3 37. Kg2 Kf8 38. f5 Ke7 39. fxe6 fxe6 40. Kf3
Kd7 41. Kf4 h6 42. Nf3 Ke7 43. g5 1/2-1/2

[Event "County match"]
[Site "?"]
[Date "1968.11.02"]
[Round "?"]
[White "Shaw, P."]
[Black "Stebbings, A."]
[Result "0-1"]
[WhiteElo "1848"]
[BlackElo "2016"]
[PlyCount "66"]
[EventDate "1968.??.??"]

1. Nf3 Nf6 2. g3 g6 3. Bg2 Bg7 4. O-O O-O 5. d3 d6 6. e4 c5 7. c3 Nc6 8. Nbd2
b5 9. Re1 Nd7 10. Nb3 Rb8 11. Be3 b4 12. cxb4 Bxb2 13. Rb1 Bc3 14. bxc5 Bxe1
15. Qxe1 Nxc5 16. Nxc5 Rxb1 17. Qxb1 dxc5 18. Bxc5 Ba6 19. d4 Qc7 20. Qd1 Rb8
21. e5 Rb2 22. e6 fxe6 23. Ng5 Qb7 24. Be4 Rxa2 25. Nxe6 Qb2 26. d5 Ra1 27.
Qxa1 Qxa1+ 28. Kg2 Ne5 29. Kh3 Bc8 30. Bxe7 Qf1+ 31. Kh4 Qxf2 32. h3 Bxe6 33.
dxe6 Qd4 0-1

[Event "School match"]
[Site "?"]
[Date "1968.11.06"]
[Round "?"]
[White "Trinder, C."]
[Black "Stebbings, A."]
[Result "1/2-1/2"]
[WhiteElo "2048"]
[BlackElo "2016"]
[PlyCount "41"]
[EventDate "1968.??.??"]

1. d4 Nf6 2. Nc3 d5 3. Bg5 Bf5 4. f3 c5 5. Bxf6 exf6 6. e4 dxe4 7. fxe4 cxd4 8.
exf5 dxc3 9. Qxd8+ Kxd8 10. O-O-O+ Kc7 11. Bc4 cxb2+ 12. Kxb2 Bc5 13. Bxf7 Bxg1
14. Rhxg1 Nc6 15. Rge1 Rhd8 16. Kc1 Rxd1+ 17. Rxd1 Rd8 18. Rxd8 Nxd8 19. Bg8 h6
20. Kd2 Kd6 21. Ke3 1/2-1/2

[Event "County match"]
[Site "?"]
[Date "1968.11.16"]
[Round "?"]
[White "Malcolm, D."]
[Black "Stebbings, A."]
[Result "0-1"]
[WhiteElo "2120"]
[BlackElo "2016"]
[PlyCount "84"]
[EventDate "1968.??.??"]

1. e4 c5 2. Nc3 Nc6 3. g3 g6 4. Bg2 Bg7 5. d3 e6 6. f4 Nge7 7. Nge2 O-O 8. O-O
d6 9. g4 Nd4 10. Ng3 Rb8 11. Nce2 f5 12. c3 Nxe2+ 13. Qxe2 b5 14. Bd2 a5 15.
Rae1 fxg4 16. Qxg4 Bd7 17. Qe2 Qc7 18. Bh3 Rbe8 19. Rf2 Qc8 20. Qf1 b4 21. Kh1
Rf7 22. Ne2 e5 23. Bxd7 Qxd7 24. Ng3 Ref8 25. Ree2 exf4 26. Bxf4 bxc3 27. bxc3
Bxc3 28. Bh6 Bg7 29. Bxg7 Kxg7 30. Rxf7+ Rxf7 31. Qa1+ Kg8 32. Qc3 Nc6 33. Rg2
h6 34. Qc4 Kh7 35. Qc1 Nd4 36. e5 Rf3 37. exd6 Qxd6 38. Qb2 Rxd3 39. Qb7+ Kg8
40. Qc8+ Qf8 41. Qg4 Qf7 42. Ne4 Kg7 0-1

[Event "Tournament: Islington Open"]
[Site "?"]
[Date "1968.11.22"]
[Round "?"]
[White "Vickery, J."]
[Black "Stebbings, A."]
[Result "1/2-1/2"]
[WhiteElo "1992"]
[BlackElo "2016"]
[PlyCount "38"]
[EventDate "1968.??.??"]

1. Nf3 Nf6 2. c4 g6 3. g3 Bg7 4. Bg2 O-O 5. O-O d6 6. Nc3 e5 7. b4 Nc6 8. b5
Ne7 9. a4 Be6 10. d3 h6 11. Ba3 Qd7 12. c5 Rad8 13. Rc1 Ned5 14. Nxd5 Bxd5 15.
Qc2 e4 16. Nd2 exd3 17. exd3 dxc5 18. Bxc5 Bxg2 19. Kxg2 Rfe8 1/2-1/2

[Event "Tournament: Islington Open"]
[Site "?"]
[Date "1968.11.23"]
[Round "?"]
[White "Stebbings, A."]
[Black "Wolinski, M."]
[Result "1-0"]
[WhiteElo "2016"]
[BlackElo "1560"]
[PlyCount "81"]
[EventDate "1968.??.??"]

1. d4 d5 2. c4 e6 3. Nc3 Ne7 4. cxd5 exd5 5. Bg5 f6 6. Bf4 a6 7. e3 Bf5 8. Qb3
b6 9. Rc1 h5 10. h3 Nbc6 11. Be2 Na5 12. Qd1 Bg6 13. Bxc7 Qxc7 14. Nxd5 Qb7 15.
Nc7+ Kd7 16. Nxa8 Qxa8 17. Qa4+ Nec6 18. d5 Bb4+ 19. Kf1 b5 20. dxc6+ Qxc6 21.
Qd1+ Qd6 22. Nf3 Nc6 23. g3 Bf7 24. Qxd6+ Kxd6 25. Kg2 g5 26. Rhd1+ Kc7 27. Nd4
Bd5+ 28. Bf3 Bxf3+ 29. Kxf3 g4+ 30. hxg4 hxg4+ 31. Kxg4 f5+ 32. Kf3 Kb7 33.
Rxc6 Rd8 34. Rc7+ Kb8 35. Nc6+ Kxc7 36. Nxd8 Bd6 37. g4 Kd7 38. g5 Ke7 39. g6
Bc7 40. g7 Bxd8 41. g8=Q 1-0

[Event "Tournament: Islington Open"]
[Site "?"]
[Date "1968.11.23"]
[Round "?"]
[White "Ambler, R."]
[Black "Stebbings, A."]
[Result "1-0"]
[WhiteElo "2104"]
[BlackElo "2016"]
[PlyCount "59"]
[EventDate "1968.??.??"]

1. d4 Nf6 2. c4 e5 3. dxe5 Ng4 4. e4 Nxe5 5. f4 Ng6 6. Be3 Bb4+ 7. Nc3 Bxc3+ 8.
bxc3 Qe7 9. Bd3 f5 10. e5 d6 11. Nf3 dxe5 12. fxe5 Nxe5 13. Nxe5 Qxe5 14. Kf2
O-O 15. Re1 Nc6 16. Rb1 b6 17. Qd2 Qxh2 18. Rh1 Qd6 19. c5 bxc5 20. Bc4+ Kh8
21. Rxh7+ Kxh7 22. Rh1+ Kg6 23. Qe2 Kf6 24. Qh5 Ke7 25. Bg5+ Kd7 26. Rd1 Nd4
27. cxd4 cxd4 28. Qh7 Qe5 29. Re1 Qd6 30. Bb5+ 1-0

[Event "Tournament: Islington Open"]
[Site "?"]
[Date "1968.11.23"]
[Round "?"]
[White "Stebbings, A."]
[Black "Stiffell, L."]
[Result "1-0"]
[WhiteElo "2016"]
[BlackElo "1720"]
[PlyCount "53"]
[EventDate "1968.??.??"]

1. d4 d5 2. c4 dxc4 3. Nf3 c6 4. e3 b5 5. a4 g6 6. axb5 cxb5 7. b3 Be6 8. bxc4
bxc4 9. Ne5 Qc7 10. Qf3 f6 11. Qxa8 fxe5 12. Rxa7 Qd8 13. Rb7 Nc6 14. Qxd8+
Nxd8 15. Rc7 Bf5 16. Nc3 exd4 17. exd4 Bd3 18. Bxd3 cxd3 19. Be3 Bh6 20. Kd2
Bxe3+ 21. fxe3 Nf6 22. Kxd3 Ng4 23. Ne4 O-O 24. Rxe7 Nc6 25. Rb7 Rd8 26. Rc1
Nce5+ 27. Ke2 1-0

[Event "Tournament: Islington Open"]
[Site "?"]
[Date "1968.11.24"]
[Round "?"]
[White "Friedlander, I."]
[Black "Stebbings, A."]
[Result "1-0"]
[WhiteElo "2128"]
[BlackElo "2016"]
[PlyCount "69"]
[EventDate "1968.??.??"]

1. Nf3 Nf6 2. g3 g6 3. Bg2 Bg7 4. O-O O-O 5. d3 d6 6. e4 c5 7. Nbd2 Nc6 8. a4
Rb8 9. Nc4 b6 10. Bd2 Nd7 11. Qc1 Re8 12. Bh6 Bh8 13. Ng5 a6 14. f4 b5 15. axb5
axb5 16. Ne3 Bb7 17. f5 Nf6 18. fxg6 hxg6 19. Nd5 Ra8 20. Rxa8 Qxa8 21. Nc7 Qb8
22. Nxe8 Qxe8 23. Nf3 Ng4 24. c3 Qd8 25. h3 Nf6 26. Kh2 Qc7 27. Qf4 Nh5 28. Qh4
Nd8 29. Bg5 Nf6 30. Bxf6 exf6 31. Ra1 Ne6 32. Qg4 Bg7 33. Nh4 Bc8 34. Qd1 Nd8
35. Qb3 1-0

[Event "Tournament: Islington Open"]
[Site "?"]
[Date "1968.11.24"]
[Round "?"]
[White "Stebbings, A."]
[Black "Walters, J."]
[Result "1-0"]
[WhiteElo "2016"]
[BlackElo "1832"]
[PlyCount "103"]
[EventDate "1968.??.??"]

1. d4 Nf6 2. c4 c5 3. d5 e6 4. Nc3 exd5 5. cxd5 d6 6. Nf3 g6 7. Nd2 Bg7 8. Nc4
O-O 9. Bf4 Ne8 10. Qd2 b6 11. e3 Ba6 12. a4 Bxc4 13. Bxc4 a6 14. O-O Nd7 15.
Rab1 Ne5 16. Be2 f5 17. Bg3 Nc7 18. b4 Qf6 19. bxc5 bxc5 20. Rb7 Rfc8 21. Rfb1
Nf7 22. R1b3 Qd8 23. Bc4 Ne5 24. Bxe5 Bxe5 25. f4 Bxc3 26. Qxc3 Rcb8 27. Qb2
Rc8 28. R3b6 Qe8 29. Qb3 Qd8 30. g3 Qf6 31. Qb2 Qe7 32. Qb3 Qd8 33. Rc6 Ne8 34.
Qb6 Qf6 35. Rxc8 Rxc8 36. Qxa6 Qc3 37. Re7 Rb8 38. Qa7 Rb1+ 39. Kg2 Qb2+ 40.
Kh3 Qb8 41. Rxh7 Qxa7 42. Rxa7 Re1 43. Re7 Kf8 44. Re6 Kf7 45. Bb5 Nc7 46. Rxd6
Nxb5 47. axb5 Rb1 48. b6 c4 49. Rc6 c3 50. Rxc3 Rxb6 51. Rc7+ Ke8 52. Rc6 1-0

[Event "County match"]
[Site "?"]
[Date "1968.11.30"]
[Round "?"]
[White "Stebbings, A."]
[Black "Stubbs, P."]
[Result "1/2-1/2"]
[WhiteElo "2016"]
[BlackElo "2032"]
[PlyCount "39"]
[EventDate "1968.??.??"]

1. d4 d5 2. c4 e6 3. Nc3 c5 4. cxd5 cxd4 5. Qa4+ Bd7 6. Qxd4 exd5 7. Qxd5 Nf6
8. Qb3 Nc6 9. Nf3 Bc5 10. Bg5 Qa5 11. Bxf6 gxf6 12. e3 Bb4 13. Bc4 Nd8 14. Rc1
Ba4 15. Bxf7+ Nxf7 16. Qe6+ Be7 17. O-O Bd7 18. Qe4 Nd6 19. Qd3 Qd8 20. Rfd1
1/2-1/2

[Event "County match"]
[Site "?"]
[Date "1968.12.14"]
[Round "?"]
[White "Stebbings, A."]
[Black "Purser, M."]
[Result "1-0"]
[WhiteElo "2016"]
[BlackElo "1832"]
[PlyCount "84"]
[EventDate "1968.??.??"]

1. d4 Nf6 2. c4 e6 3. Nc3 Bb4 4. e3 c5 5. Nge2 d5 6. a3 cxd4 7. axb4 dxc3 8.
Nxc3 Nc6 9. cxd5 Nxd5 10. Nxd5 exd5 11. b5 Ne5 12. Qd4 f6 13. Rxa7 Rxa7 14.
Qxa7 O-O 15. Bd2 Qc7 16. Bc3 Bf5 17. Qd4 Rd8 18. Be2 b6 19. O-O Be6 20. Ra1 Nd7
21. Qa4 Nc5 22. Qa7 Qxa7 23. Rxa7 Rc8 24. f3 Rb8 25. Kf2 Rb7 26. Rxb7 Nxb7 27.
Ke1 Kf7 28. Kd2 Ke7 29. Kd3 Nc5+ 30. Kd2 Bf5 31. g4 Nb3+ 32. Ke1 Bc2 33. Bd1
Bxd1 34. Kxd1 Nc5 35. g5 fxg5 36. Bxg7 h5 37. h3 Ne6 38. Be5 Nc5 39. Kc2 Ke6
40. Bc7 Nd7 41. Kc3 Nc5 42. b4 Nd7 1-0

[Event "London league"]
[Site "?"]
[Date "1968.12.17"]
[Round "?"]
[White "Rothbart, B."]
[Black "Stebbings, A."]
[Result "1-0"]
[WhiteElo "1952"]
[BlackElo "2016"]
[PlyCount "57"]
[EventDate "1968.??.??"]

1. e4 c5 2. f4 g6 3. Nf3 Bg7 4. d3 Nc6 5. g3 d6 6. Bg2 e6 7. O-O Nge7 8. Na3
O-O 9. Nc4 b5 10. Ne3 Rb8 11. Nh4 f5 12. g4 Bd7 13. Qe1 Kh8 14. Kh1 b4 15. Qg3
Nd4 16. Qh3 Qc8 17. Bd2 fxg4 18. Qxg4 e5 19. f5 gxf5 20. exf5 Ndxf5 21. Nexf5
Bxf5 22. Nxf5 Rxf5 23. Rg1 Rf7 24. Qh4 Qe6 25. Be4 Nf5 26. Qh3 Rbf8 27. Raf1
Ng3+ 28. Qxg3 Rxf1 29. Qxg7# 1-0

[Event "London league"]
[Site "?"]
[Date "1969.01.10"]
[Round "?"]
[White "Smith, GJ."]
[Black "Stebbings, A."]
[Result "1/2-1/2"]
[WhiteElo "1984"]
[BlackElo "2016"]
[PlyCount "62"]
[EventDate "1969.??.??"]

1. e4 c5 2. d4 cxd4 3. c3 Nf6 4. e5 Nd5 5. Bc4 Qc7 6. Qe2 Nb6 7. Bb3 d3 8. Qe4
e6 9. Nf3 d6 10. exd6 Bxd6 11. O-O N8d7 12. Be3 Nf6 13. Qxd3 O-O 14. Rd1 Rd8
15. Qe2 Ng4 16. h3 Nxe3 17. Qxe3 Be7 18. Rxd8+ Qxd8 19. Nbd2 Nd5 20. Qd3 Nf6
21. Qxd8+ Bxd8 22. Nc4 Bc7 23. Rd1 Bd7 24. Nce5 Be8 25. Kf1 Rd8 26. Rxd8 Bxd8
27. Ke2 Kf8 28. Bc2 h6 29. Bd3 Ke7 30. Nd4 a6 31. Nc4 g6 1/2-1/2

[Event "County match"]
[Site "?"]
[Date "1969.01.25"]
[Round "?"]
[White "Stebbings, A."]
[Black "Stubbs, P."]
[Result "1/2-1/2"]
[WhiteElo "2016"]
[BlackElo "2032"]
[PlyCount "59"]
[EventDate "1969.??.??"]

1. d4 Nf6 2. c4 c5 3. d5 e6 4. Nc3 exd5 5. cxd5 d6 6. Nf3 g6 7. Nd2 Bg7 8. Nc4
O-O 9. Bf4 Ne8 10. Qd2 b6 11. e3 Ba6 12. a4 Nd7 13. Nxd6 Bxf1 14. Kxf1 Ne5 15.
Nxe8 Rxe8 16. Bxe5 Rxe5 17. g3 Qd7 18. Kg2 Rh5 19. e4 Qh3+ 20. Kg1 Re8 21. Re1
Bd4 22. Ne2 Rxe4 23. Nf4 Rxf4 24. Qxf4 Rf5 25. Qb8+ Kg7 26. Re2 Qg4 27. Qe8
Bxf2+ 28. Rxf2 Qd1+ 29. Kg2 Qxd5+ 30. Kg1 1/2-1/2

[Event "London league"]
[Site "?"]
[Date "1969.01.29"]
[Round "?"]
[White "Elston, R."]
[Black "Stebbings, A."]
[Result "0-1"]
[WhiteElo "1960"]
[BlackElo "2016"]
[PlyCount "36"]
[EventDate "1969.??.??"]

1. d4 Nf6 2. c4 e5 3. dxe5 Ng4 4. e4 Nxe5 5. f4 Ng6 6. Be3 Bb4+ 7. Nd2 Qe7 8.
Qc2 Bxd2+ 9. Bxd2 f5 10. Bd3 fxe4 11. Bxe4 d5 12. cxd5 Bf5 13. O-O-O Bxe4 14.
Qa4+ Kf7 15. Qc4 Bxg2 16. d6+ Qe6 17. Qxc7+ Nd7 18. Re1 Rac8 0-1

[Event "County match"]
[Site "?"]
[Date "1969.02.01"]
[Round "?"]
[White "Palmer, H."]
[Black "Stebbings, A."]
[Result "0-1"]
[WhiteElo "1760"]
[BlackElo "2016"]
[PlyCount "106"]
[EventDate "1969.??.??"]

1. Nf3 d5 2. g3 c6 3. Bg2 Bg4 4. Ne5 Bh5 5. O-O Nd7 6. Nf3 e6 7. d4 Ngf6 8. Bg5
h6 9. Bxf6 Nxf6 10. Ne5 Bd6 11. f4 Qb6 12. Qd2 Qxb2 13. Nc3 Bb4 14. Na4 Bxd2
15. Nxb2 Bc3 16. Rab1 Bxe2 17. Nf3 Bxf1 18. Kxf1 Bxb2 19. Rxb2 b6 20. Ne5 Rc8
21. Ke2 O-O 22. Kd3 c5 23. c4 cxd4 24. Kxd4 dxc4 25. Nc6 Rc7 26. Kxc4 Rd8 27.
Kb5 Rd3 28. a4 Rcd7 29. Ka6 Rd2 30. Rxd2 Rxd2 31. Bf1 Rxh2 32. Nxa7 Nd5 33. Nc8
Rf2 34. Bb5 Nc7+ 35. Kxb6 Nxb5 36. axb5 Rf3 37. Kb7 Rxg3 38. b6 Rb3 39. Nd6 g5
40. fxg5 hxg5 41. Ne4 Kg7 42. Nxg5 Kf6 43. Ne4+ Ke5 44. Nf2 f5 45. Ka7 f4 46.
b7 Kf5 47. b8=Q Rxb8 48. Kxb8 e5 49. Kc7 e4 50. Kd6 e3 51. Nd3 f3 52. Ne1 f2
53. Ng2 e2 0-1

[Event "School match"]
[Site "?"]
[Date "1969.02.11"]
[Round "?"]
[White "Forster, R."]
[Black "Stebbings, A."]
[Result "0-1"]
[WhiteElo "1824"]
[BlackElo "2016"]
[PlyCount "50"]
[EventDate "1969.??.??"]

1. e4 c5 2. Nf3 Nc6 3. d4 cxd4 4. Nxd4 g6 5. f4 Bg7 6. Be3 Nf6 7. Nc3 Qb6 8.
Nf5 Qxb2 9. Nxg7+ Kf8 10. Bd2 d6 11. f5 Kxg7 12. Rb1 Qa3 13. g4 Rd8 14. Be2 d5
15. g5 Nxe4 16. Nxe4 dxe4 17. Rb3 Qc5 18. Qa1+ Kg8 19. Qc3 Qxc3 20. Rxc3 Bxf5
21. Bb5 Nd4 22. Be2 e3 23. Bxe3 Nxc2+ 24. Kf2 Nxe3 25. Rxe3 Kf8 0-1

[Event "London league"]
[Site "?"]
[Date "1969.02.19"]
[Round "?"]
[White "Stebbings, A."]
[Black "Durrant, P."]
[Result "1-0"]
[WhiteElo "2016"]
[BlackElo "2072"]
[PlyCount "73"]
[EventDate "1969.??.??"]

1. d4 Nf6 2. c4 c5 3. d5 g6 4. Nc3 Bg7 5. e4 d6 6. Be2 O-O 7. g4 e6 8. g5 Ne8
9. h4 f6 10. gxf6 Bxf6 11. h5 g5 12. h6 Kh8 13. Be3 exd5 14. cxd5 Qe7 15. Qd2
Rg8 16. O-O-O a6 17. Nh3 b5 18. f3 b4 19. Na4 Bxh3 20. Rxh3 Qd7 21. Nb6 Qxh3
22. Nxa8 Qxh6 23. Nb6 Qg7 24. Rg1 Qe7 25. Bd3 Qd8 26. Nc4 h6 27. Qh2 Kg7 28. f4
Rf8 29. Qh5 Bd4 30. e5 Bxe3+ 31. Nxe3 Rf7 32. Nf5+ Kf8 33. Qxh6+ Rg7 34. Nxg7
Nxg7 35. Qh8+ Ke7 36. Qxg7+ Ke8 37. Bg6# 1-0

[Event "Essex league"]
[Site "?"]
[Date "1969.03.03"]
[Round "?"]
[White "Abbott, S."]
[Black "Stebbings, A."]
[Result "0-1"]
[WhiteElo "1760"]
[BlackElo "2016"]
[PlyCount "52"]
[EventDate "1969.??.??"]

1. d4 Nf6 2. c4 e5 3. d5 Bc5 4. e3 d6 5. Nc3 O-O 6. Be2 c6 7. a3 a5 8. Rb1 cxd5
9. Nxd5 Nxd5 10. cxd5 f5 11. b4 axb4 12. axb4 Bb6 13. Nf3 Nd7 14. Nd2 Qg5 15.
Nf3 Qxg2 16. Rg1 Qh3 17. Rg3 Qh6 18. Bb2 Bd8 19. Qc2 Bh4 20. Nxh4 Qxh4 21. f4
Qxh2 22. Rg5 Qh1+ 23. Bf1 Nf6 24. Qc7 Ne8 25. Qe7 Qe4 26. Bc1 Qxb1 0-1

[Event "County match"]
[Site "?"]
[Date "1969.03.15"]
[Round "?"]
[White "Johannes, R."]
[Black "Stebbings, A."]
[Result "1/2-1/2"]
[WhiteElo "2200"]
[BlackElo "2016"]
[PlyCount "66"]
[EventDate "1969.??.??"]

1. Nf3 c5 2. g3 Nc6 3. Bg2 g6 4. O-O Bg7 5. d3 d6 6. c4 a6 7. Nc3 Rb8 8. Rb1 b5
9. cxb5 axb5 10. Ne4 Qa5 11. a3 b4 12. Bd2 Nf6 13. Nxf6+ Bxf6 14. axb4 Nxb4 15.
Bh6 Bb7 16. Ra1 Qb6 17. Qd2 Nc6 18. Rfb1 Nd4 19. Nxd4 Bxg2 20. Kxg2 Bxd4 21.
Qc2 Kd7 22. Qc4 e6 23. Ra6 Qb7+ 24. f3 Ra8 25. Qa4+ Ke7 26. Ra1 Rxa6 27. Qxa6
Rb8 28. Bc1 Kd7 29. Qxb7+ Rxb7 30. Ra2 Kc7 31. e3 Bf6 32. Kf2 Rb6 33. Ke2 Kb7
1/2-1/2

[Event "County match"]
[Site "?"]
[Date "1969.03.22"]
[Round "?"]
[White "Stebbings, A."]
[Black "Schofield, K."]
[Result "1-0"]
[WhiteElo "2016"]
[BlackElo "2032"]
[PlyCount "67"]
[EventDate "1969.??.??"]

1. d4 f5 2. Bg5 c5 3. dxc5 Qa5+ 4. c3 Qxc5 5. g3 Qb6 6. Qc2 d6 7. Bg2 Nc6 8.
Nf3 g6 9. O-O Bg7 10. Na3 Nf6 11. Be3 Qa5 12. Qb3 Qd5 13. Nc4 Be6 14. Nfe5 Qxe5
15. Nxe5 Bxb3 16. Nxc6 Bd5 17. Nxa7 Bxg2 18. Kxg2 Nd5 19. Nb5 Ra5 20. Bd4 e5
21. Nxd6+ Kd7 22. Nc4 exd4 23. Nxa5 dxc3 24. bxc3 Bxc3 25. Rad1 Ke6 26. Nxb7
Ra8 27. Rd3 Bb4 28. a3 Rxa3 29. Rxa3 Bxa3 30. Ra1 Be7 31. Ra6+ Kf7 32. Ra7 Nc3
33. e3 Ne4 34. Na5 1-0

[Event "London league"]
[Site "?"]
[Date "1969.03.26"]
[Round "?"]
[White "Stebbings, A."]
[Black "MacBrayne, R."]
[Result "1-0"]
[WhiteElo "2016"]
[BlackElo "1944"]
[PlyCount "47"]
[EventDate "1969.??.??"]

1. d4 d5 2. c4 e6 3. Nc3 Nf6 4. cxd5 exd5 5. Bg5 Nbd7 6. e3 Be7 7. Bd3 c6 8.
Qc2 h6 9. Bh4 O-O 10. Nge2 Re8 11. O-O-O b5 12. Rdg1 a5 13. g4 g5 14. Bg3 Nb6
15. f3 Be6 16. h4 b4 17. Nd1 c5 18. hxg5 hxg5 19. Nf4 Bf8 20. Bh7+ Kg7 21.
Nxe6+ Rxe6 22. Qf5 Nfd7 23. Bg8 Rg6 24. Qxf7# 1-0

[Event "Tournament: Southend SCCU U18 ch."]
[Site "?"]
[Date "1969.04.03"]
[Round "?"]
[White "Corden, I."]
[Black "Stebbings, A."]
[Result "1/2-1/2"]
[WhiteElo "1960"]
[BlackElo "2016"]
[PlyCount "31"]
[EventDate "1969.??.??"]

1. e4 c5 2. Nf3 Nc6 3. d4 cxd4 4. Nxd4 g6 5. Nc3 Bg7 6. Be3 Nf6 7. Qd2 O-O 8.
f3 d5 9. Nxc6 bxc6 10. e5 Nd7 11. f4 Qa5 12. Be2 Re8 13. O-O Ba6 14. b4 Qa3 15.
Nb1 Qa4 16. Nc3 1/2-1/2

[Event "Tournament: Southend SCCU U18 ch."]
[Site "?"]
[Date "1969.04.04"]
[Round "?"]
[White "Stebbings, A."]
[Black "Cubitt, C."]
[Result "0-1"]
[WhiteElo "2016"]
[BlackElo "2248"]
[PlyCount "74"]
[EventDate "1969.??.??"]

1. d4 Nf6 2. c4 e6 3. Nc3 d5 4. cxd5 exd5 5. Bg5 Nbd7 6. e3 Be7 7. Bd3 c6 8.
Qc2 Nh5 9. Bxe7 Qxe7 10. O-O-O g6 11. Nge2 Nb6 12. Ng3 Ng7 13. e4 dxe4 14. Bxe4
Be6 15. Rhe1 O-O 16. Kb1 Rac8 17. Qe2 Qd6 18. Bf3 Rfe8 19. Nge4 Qd8 20. Qd2 Nd5
21. Nc5 Bf5+ 22. Ka1 Rxe1 23. Rxe1 Nb4 24. Be4 b6 25. Nb3 Be6 26. Rd1 Bxb3 27.
axb3 Ne6 28. Kb1 Rc7 29. Ne2 Qd6 30. Qc3 a5 31. g3 Rd7 32. Qd2 Qe7 33. Qc3 Rd6
34. Qd2 Nxd4 35. Nxd4 Qxe4+ 36. Ka1 Rxd4 37. Qxd4 Nc2+ 0-1

[Event "Tournament: Southend SCCU U18 ch."]
[Site "?"]
[Date "1969.04.05"]
[Round "?"]
[White "Stebbings, A."]
[Black "White, S."]
[Result "1/2-1/2"]
[WhiteElo "2016"]
[BlackElo "1864"]
[PlyCount "68"]
[EventDate "1969.??.??"]

1. d4 d5 2. c4 e6 3. Nc3 Nf6 4. cxd5 exd5 5. Bg5 c6 6. Qc2 Be6 7. e3 Nbd7 8.
Bd3 Bd6 9. Nge2 Qc7 10. Bh4 g6 11. h3 Nh5 12. Rc1 Rc8 13. g4 Ng7 14. Bg3 Bxg3
15. Nxg3 O-O 16. Ke2 a6 17. Na4 f5 18. gxf5 Nxf5 19. Nxf5 Bxf5 20. Rcg1 Bxd3+
21. Qxd3 Qd6 22. h4 b5 23. h5 Rf6 24. hxg6 Rxg6 25. Rxg6+ Qxg6 26. Qxg6+ hxg6
27. Nc5 Nxc5 28. dxc5 Kg7 29. Kd3 Re8 30. f3 Re5 31. Rh2 a5 32. Kd4 Re8 33. e4
dxe4 34. fxe4 g5 1/2-1/2

[Event "Tournament: Southend SCCU U18 ch."]
[Site "?"]
[Date "1969.04.05"]
[Round "?"]
[White "Calvert, D."]
[Black "Stebbings, A."]
[Result "0-1"]
[WhiteElo "1904"]
[BlackElo "2016"]
[PlyCount "56"]
[EventDate "1969.??.??"]

1. e4 c5 2. Nc3 Nc6 3. f4 g6 4. Nf3 Bg7 5. Bb5 Nd4 6. Bc4 d6 7. d3 e6 8. Be3
Ne7 9. Bxd4 cxd4 10. Ne2 Nc6 11. O-O O-O 12. Qe1 a6 13. a3 b5 14. Bb3 Bd7 15.
Qg3 Qb6 16. f5 exf5 17. Ng5 Ne5 18. Nxh7 Kxh7 19. Rf4 Ng4 20. Qh4+ Nh6 21. Ng3
Be5 22. Rf3 Qd8 23. Qh3 fxe4 24. Nf5 Bxf5 25. Rxf5 gxf5 26. dxe4 Qg5 27. Bd5
Rac8 28. exf5 Rxc2 0-1

[Event "Tournament: Southend SCCU U18 ch."]
[Site "?"]
[Date "1969.04.06"]
[Round "?"]
[White "Stebbings, A."]
[Black "Loyd, P."]
[Result "1/2-1/2"]
[WhiteElo "2016"]
[BlackElo "1880"]
[PlyCount "106"]
[EventDate "1969.??.??"]

1. d4 e6 2. e4 d5 3. e5 c5 4. c3 Nc6 5. Nf3 Qb6 6. Bd3 Bd7 7. dxc5 Bxc5 8. O-O
Qc7 9. b4 Bb6 10. Bf4 a5 11. b5 Na7 12. a4 Bc5 13. Qe2 b6 14. Nbd2 Ne7 15. Bg3
h6 16. h4 Bc8 17. Nb3 Bb7 18. Rfe1 g6 19. Bf4 Nf5 20. Bxf5 gxf5 21. h5 Bf8 22.
Qe3 Nc8 23. Nfd4 Ne7 24. Rac1 Rb8 25. Nd2 Ba8 26. Qd3 Qb7 27. f3 Rc8 28. Rc2
Rc7 29. Rec1 Bg7 30. c4 O-O 31. c5 bxc5 32. Rxc5 Rxc5 33. Rxc5 Qb6 34. Qc3 Bb7
35. N2b3 Ra8 36. Rc7 Bf8 37. Be3 f4 38. Nf5 fxe3 39. Nxe7+ Bxe7 40. Rxe7 Rc8
41. Qe1 Kf8 42. Rxb7 Qxb7 43. Qxe3 Kg7 44. Nxa5 Qe7 45. Nc6 Qh4 46. a5 Qa4 47.
Qe2 Rxc6 48. bxc6 Qxc6 49. Qe3 Qa4 50. Qb6 Qd1+ 51. Kh2 Qe1 52. Qd8 Qxe5+ 53.
Kg1 Qe1+ 1/2-1/2